Statistics for Trouble/Guitar Man Lyrics Quiz

Click here to take the quiz!

General Stats

  • This quiz has been taken 5 times
  • The average score is 281 of 346

Answer Stats

Answer% Correct
A
100%
a
100%
And
100%
and
100%
around
100%
back
100%
band
100%
Because
100%
born
100%
By
100%
came
100%
club
100%
could
100%
daddy
100%
don't
100%
down
100%
ever
100%
evil
100%
face
100%
Find
100%
for
100%
For
100%
Got
100%
got
100%
green-eyed
100%
guitar
100%
I
100%
If
100%
I'm
100%
in
100%
is
100%
it
100%
jack
100%
Just
100%
kill
100%
little
100%
look
100%
lookin'
100%
man
100%
me
100%
mess
100%
middle
100%
misery
100%
Mobile
100%
Mobile,
100%
mountain
100%
my
100%
My
100%
name
100%
no
100%
o'
100%
ocean
100%
of
100%
On
100%
on
100%
place
100%
play
100%
right
100%
So
100%
standin'
100%
swingin'
100%
take
100%
talkin'
100%
that
100%
the
100%
There
100%
time
100%
to
100%
took
100%
trip
100%
trouble
100%
Up
100%
up
100%
wanted
100%
was
100%
Well,
100%
went
100%
what
100%
With
100%
with
100%
would
100%
wouldn't
100%
you
100%
You
100%
you're
100%
yourself
100%
ain't
80%
bars
80%
But
80%
car
80%
found
80%
here
80%
I'd
80%
it's
80%
know,
80%
like
80%
myself
80%
night
80%
out
80%
sound
80%
they
80%
thought
80%
three
80%
wind
80%
You'll
80%
Alabama
60%
at
60%
At
60%
bought
60%
Georgia
60%
hire
60%
job
60%
make
60%
Make
60%
money
60%
next
60%
nights
60%
old
60%
people
60%
quit
60%
ride
60%
run
60%
son
60%
them
60%
wash
60%
way
60%
weeks
60%
ya
60%
all
40%
Big
40%
'bout
40%
call
40%
called
40%
City
40%
coat
40%
crowd
40%
dance
40%
death
40%
Diggin'
40%
dollar
40%
'em,
40%
'em
40%
finest
40%
fire
40%
five-piece
40%
floor
40%
follow
40%
four-piece
40%
goodbye
40%
group
40%
Guess
40%
Gulf
40%
his
40%
hitchhiked
40%
hobo
40%
Hopin'
40%
Jack's
40%
jammin'
40%
jungles
40%
Kingston
40%
leadin'
40%
Left
40%
left
40%
luck
40%
Macon,
40%
Makin'
40%
mama
40%
Memphis
40%
Mexico
40%
miles
40%
music
40%
nearly
40%
nobody
40%
note
40%
outta
40%
overloaded
40%
Panama
40%
pickin'
40%
poultry
40%
Roamed
40%
room
40%
same
40%
sat
40%
set
40%
Show
40%
showed
40%
slept
40%
some
40%
Started
40%
starved
40%
story
40%
sundown
40%
thousand
40%
thumbed
40%
Till
40%
track
40%
truck
40%
under
40%
who's
40%
YMCA
40%
huntin'
20%
piers
20%

Score Distribution

Percentile by Number Answered

Percent of People with Each Score

Your Score History

You have not taken this quiz